000 00538nam a22002057a 4500
003 OSt
005 20160304122411.0
008 160304b xxu||||| |||| 00| 0 eng d
020 _a9780723434740
040 _cDNLM
082 _aWY150 E73m 2008
100 _aNicol, Maggie; Bavin, Carol
_97069
245 _aEssential Nursing Skills
250 _a3rd ed.
260 _aEdinburgh; Mosby, 2008
300 _avii,361p; col.ill: 23.5cm
504 _aReferences & index included
650 _aNursing skills
_96082
942 _2z
_cO_SHELF
999 _c3164
_d3164